Osobitosti účtovného zobrazenia rezerv a opravných položiek vo vzťahu k sústave účtovníctva podnikateľského subjektu a ich daňový aspekt v podmienkach SR diplomová práca

Gespeichert in:
Bibliographische Detailangaben
1. Verfasser: Kulifajová, Anna
Körperschaft: Fakulta hospodárskej informatiky EU. Katedra účtovníctva a audítorstva
Weitere Verfasser: Vašeková, Miroslava, 1978-
Format: Buch
Sprache:Slowakisch
Veröffentlicht: Bratislava 2013
Tags: Tag hinzufügen
Keine Tags, Fügen Sie das erste Tag hinzu!

MARC

LEADER 00000nbm a2200000 4500
001 0191566
005 20161228110423.9
041 0 |a slo 
044 |a SK 
245 1 0 |a Osobitosti účtovného zobrazenia rezerv a opravných položiek vo vzťahu k sústave účtovníctva podnikateľského subjektu a ich daňový aspekt v podmienkach SR  |b diplomová práca  |c Anna Kulifajová ; školiteľ: Miroslava Vašeková 
264 1 |a Bratislava  |c 2013 
300 |a 66 s. 
100 1 |a Kulifajová, Anna 
700 1 |a Vašeková, Miroslava, 1978- 
710 2 |a Fakulta hospodárskej informatiky EU. Katedra účtovníctva a audítorstva